Zawodnicy Fifa 21 - Statystyki

Ogólne statystyki
  • Ten quiz został rozwiązany 152 razy
  • Średni wynik to 48 z 100
Statystyki odpowiedzi
Hint Odpowiedź % Poprawnych
1 Messi
100%
2 Ronaldo
99%
3 Lewandowski
94%
5 Neymar
92%
8 Mbappe
91%
13 Ramos
75%
4 De Bruyne
74%
9 Salah
74%
16 Benzema
70%
10 Mane
70%
6 Oblak
70%
21 Kane
68%
29 Modrić
68%
14 Neuer
67%
7 Van Dijk
67%
12 Alisson
65%
40 Szczęsny
64%
26 Kante
63%
51 Pogba
61%
11 Ter Stegen
61%
23 Sterling
60%
53 Pique
59%
15 Aguero
58%
25 Ederson
58%
49 Muller
58%
36 Suarez
58%
65 Lukaku
57%
18 Courtois
56%
19 Kimmich
56%
20 Kroos
56%
35 Son
55%
41 Firmino
54%
61 Alba
53%
59 De Gea
53%
83 Sane
53%
17 Casemiro
52%
22 Hazard
52%
60 Varane
52%
47 Chiellini
51%
38 Griezmann
51%
45 Navas
51%
90 Bonucci
50%
100 Haaland
50%
91 De Jong
49%
33 Di Maria
48%
71 Donnarumma
48%
82 Rashford
48%
66 Thiago
48%
63 Gnabry
47%
73 Reus
47%
24 Dybala
46%
32 Fernandes
46%
43 Robertson
46%
74 Werner
46%
37 Alexander Arnold
45%
56 Carvajal
45%
31 Aubameyang
44%
46 Busquets
44%
48 Lloris
44%
34 Sancho
44%
52 Verratti
43%
42 Bernardo Silva
41%
57 Hummels
40%
44 Fabinho
39%
55 Henderson
39%
69 Mahrez
39%
78 Thiago Silva
39%
70 Depay
38%
97 Walker
38%
80 Insigne
37%
39 Laporte
37%
92 Rodri
37%
27 Handanovic
36%
67 Havertz
36%
86 Koke
36%
28 Koulibaly
36%
64 Marquinhos
36%
50 Vardy
36%
30 Immobile
34%
76 Wijnaldum
33%
54 Gomez
32%
87 Mertens
32%
85 Skriniar
32%
77 De Ligt
31%
99 Eriksen
30%
89 Lenglet
29%
58 David Silva
28%
88 Leno
28%
62 Sommer
27%
96 Icardi
26%
81 Pjanić
26%
84 Parejo
25%
95 Godin
24%
72 Ziyech
22%
98 Alex Sandro
21%
75 Milinković Savić
20%
93 Gulacsi
19%
94 Alderweireld
17%
68 Alberto
16%
79 Pereira
11%
Nie znaleziono quizów pasujących do podanych kryteriów
Rozkład punktacji
Procent ludzi z każdym wynikiem
Percentyl według liczby udzielonych odpowiedzi
Twoja historia wyników
Nie rozwiązałeś tego quizu